Al-Idrisi : Ahli Geografi

Bibliographic Details
Main Author: Sulayman Fayyad
Format: Book
Published: Kuala Lumpur : Dewan Bahasa dan Pustaka , 2003
Series:Siri tokoh cendekiawan islam
Subjects:

MARC

LEADER 00000cam a2200000 7i4500
001 0000072802
005 20170517.0
008 170417
020 |a 9789836261087 
020 |a 9836260986 (set) 
090 0 0 |a BIO   |b MAL 
100 1 |a Sulayman Fayyad 
245 1 0 |a Al-Idrisi :   |b Ahli Geografi   |c Sulayman Fayyad :Penterjemah ; Abdul Karim Mustafa 
260 |a Kuala Lumpur :   |b Dewan Bahasa dan Pustaka ,   |c 2003 
490 1 |a Siri tokoh cendekiawan islam 
500 |a Children ages 7-9 years old (orange) 
650 0 |a Biografi- Juvenile literature 
650 0 |a Title 
999 |a 0000013382   |b Book   |c Children Collection   |e Cawangan Taman Universiti 
999 |a 0000795860   |b Book   |c Children Collection   |e Cawangan Segamat 
999 |a 0000797170   |b Book   |c Children Collection   |e Cawangan Segamat